Informačné zabezpečenie rozhodovania a organizácia práce vedúceho pracovníka
Na minha lista:
| Autor principal: | |
|---|---|
| Formato: | Livro |
| Idioma: | eslovaco |
| Publicado em: |
Bratislava
Slovenská technická knižnica
1985
|
| Edição: | 1. vyd. |
| Tags: |
Sem tags, seja o primeiro a adicionar uma tag!
|
MARC
| LEADER | 00000nam a2200000 4500 | ||
|---|---|---|---|
| 001 | c024504 | ||
| 005 | 20221220081831.4 | ||
| 041 | 0 | |a slo | |
| 044 | |a SK | ||
| 245 | 1 | 0 | |a Informačné zabezpečenie rozhodovania a organizácia práce vedúceho pracovníka |c Leonid Nikolajevič Sumarokov |
| 250 | |a 1. vyd. | ||
| 264 | 1 | |a Bratislava |b Slovenská technická knižnica |c 1985 | |
| 300 | |a 87 s. | ||
| 100 | 1 | |a Sumarokov, Leonid Nikolajevič | |